Die 177 längsten TV - Serien aller Zeiten - Statistiken

Allgemein
  • Dieses Quiz wurde 131 mal gespielt
  • Das Durchschnittsergebnis liegt bei 26 aus 177
Antwortstatistiken
Dauer Episoden
(Staffeln)
orig. Titel Serie % Korrekt
32 Jahre + 7 750 + G... - G... Z....., s........ Z..... GZSZ -Gute Zeiten, schlechte Zeiten
62%
54 Jahre + 1 241 + T..... Tatort
55%
35 Jahre + 671 (31) + The S....... Die Simpsons
54%
15 Jahre 337 (15) C..: Vegas. Crime Scene Investigations CSI: Den Tätern auf der Spur
52%
12 Jahre 279 (12) H..... Five - 0 Hawaii Fünf - Null
47%
9 Jahre 207 (9) The K... o. Q..... King of Queens
47%
35 Jahre 1 765 L.....s..... Lindenstraße
44%
53 Jahre + 405 + P......... 110 Polizeiruf 110
44%
3 Jahre 79 (3) Star Trek Raumschiff Enterprise
43%
7 Jahre 178 (7) Star Trek: The Next Generation Raumschiff Enterprise -Das nächste Jahrhundert
43%
8 Jahre 73 (8) G... o. T...... Game of Thrones - Das Lied von Eis & Feuer
42%
12 Jahre 262 (12) 2 & a h... M.. Two & a Half Men
41%
59 Jahre 14 503 (59) + Days of Our Lives Zeit der Sehnsucht
41%
11 Jahre 218 (11) The X - Files Akte X - Die unheimlichen Fälle des FBI
40%
12 Jahre 279 (12) The B.. B... T..... The Big Bang Theory
40%
10 Jahre 259 (11) Married... with Children Eine schrecklich nette Familie
38%
5 Jahre 73 (6) H.... o. C.... House of Cards
38%
30 Jahre + 7 100 + U.... U.. Unter uns
38%
13 Jahre 357 (14) D..... Dallas
37%
28 Jahre + 381 (49) + A.... f.. C.... 11 - D.. A.............. Alarm für Cobra 11 - Die Autobahnpolizei
35%
15 Jahre 331 (15) ER Emergency Room - Die Notaufnahme
33%
43 Jahre + 97 + Das T....s..... Das Traumschiff
32%
8 Jahre 177 (8) H.... M. D. Dr. House
31%
5 Jahre 90 (5) P..... B.... Prison Break
31%
9 Jahre 192 (8) Twenty Four 24
30%
4 Jahre 98 (5) The A-.... Das A-Team
30%
27 Jahre 297 Der L...a... Der Landarzt
30%
5 Jahre 120 (5) The Streets of S.. F........ Die Straßen von San Francisco
29%
14 Jahre + 139 (10) + The W...... D... The Walking Dead
29%
8 Jahre 218 (9) Dynasty Der Denver - Clan
28%
10 Jahre 210 (10) Little House in the Prairie Unsere kleine Farm
28%
47 Jahre + 459 + Der A... Der Alte
27%
20 Jahre 456 (20) L.. & O.... Law & Order -Die Aufrechten
27%
19 Jahre + 4 000 (19) + S.... d... L.... Sturm der Liebe
27%
18 Jahre + 4 150 + A.... w.. z.... Alles was zählt
26%
3 Jahre 98 Laurel & Hardy Dick & Doof
26%
5 Jahre 113 (5) C....... Angel's 3 Engel für Charlie
25%
2 Jahre 64 (2) The A..... F..... Addams Family
25%
10 Jahre 236 (10) F...... Friends
25%
8 Jahre 204 (8) Home Improvement Hör mal, wer da hämmert
25%
7 Jahre 97 Der K......... Der Kommissar
24%
6 Jahre 148 (6) The Fresh P..... o. B.. - A.. Der Prinz von Bel - Air
24%
5 Jahre 111 (5) M.... V... Miami Vice
24%
4 Jahre 73 S......w... - K..... Schwarzwald - Klinik
24%
6 Jahre 180 (6) I L... L... I Love Lucy
23%
4 Jahre 102 (4) A.. Alf
22%
5 Jahre 62 (5) B....... B.. Breaking Bad
22%
33 Jahre 300 (31) E.. F... f.. 2 Ein Fall für Zwei
22%
2 Jahre 34 Battlestar G........ Kampfstern Galactica
22%
8 Jahre 162 (8) M....., p.i. Magnum
22%
10 Jahre 293 (10) B...... H...., 9.... Beverly Hills, 90210
21%
13 Jahre 87 (7) All Creatures Great & Small Der Doktor & das liebe Vieh
21%
5 Jahre 150 (6) Dr. Q...., Medicine Woman Dr. Quinn - Ärztin aus Leidenschaft
21%
42 Jahre 675 (46) S... 5113 SOKO 5113
21%
61 Jahre + 871 (39) + D..... W.. Doctor Who
20%
6 Jahre 94 (6) S.. & the C... Sex & the City
20%
14 Jahre 431 (14) B...... Bonanza
18%
5 Jahre 110 (5) Hart to Hart Hart aber Herzlich
17%
4 Jahre 90 (4) K..... R.... Knight Rider
17%
6 Jahre 121 (6) L... Lost
17%
9 Jahre 187 (8) The Avengers Mit Schirm, Charme & Melone
17%
12 Jahre 243 (11) B....... Baywatch
16%
8 Jahre 153 (8) B....... 9-9 Brooklyn Nine - Nine
16%
14 Jahre 281 D...... Derrick
16%
19 Jahre 4 053 M.....h.. Marienhof
16%
12 Jahre 264 (12) Murder, She Wrote Mord ist ihr Hobby
16%
7 Jahre 148 (8) Q....., M.E. Quincy
16%
26 Jahre + 1 017 (26) + I. a.... F........... In aller Freundschaft
15%
5 Jahre 112 (5) A... Mc.... Ally McBeal
14%
7 Jahre 180 (7) The G..... G.... Golden Girls
14%
7 Jahre + 40 (4) + B...... B..... Babylon Berlin
13%
3 Jahre 86 B....., B..... Berlin, Berlin
13%
24 Jahre 69 (10) C...... Columbo
13%
5 Jahre 112 (5) The Fall Guy Ein Colt für alle Fälle
13%
19 Jahre 588 L..... Lassie
13%
7 Jahre 139 (7) M..G.... MacGyver
13%
4 Jahre 63 (5) 6 F... U.... Six Feet Under -Gestorben wird immer
13%
2 Jahre 48 (3) T... P.... Twin Peaks
13%
19 Jahre 4 664 V........ L.... Verbotene Liebe
13%
20 Jahre 635 (20) Gunsmoke Rauchende Colts
12%
37 Jahre + 8 500 (34) + The Bold & the Beautiful Reich & Schön
12%
8 Jahre 201 (8) The B... C.... - S... Die Bill Cosby Show
11%
9 Jahre 221 (9) The W...... Die Waltons
11%
6 Jahre 168 (6) Hogan's Heroes Ein Käfig voller Helden
11%
3 Jahre 88 (3) F...... Flipper
11%
8 Jahre 180 (8) D........ H......... Desperate Housewifes
10%
6 Jahre 146 (6) The N.... Die Nanny
10%
9 Jahre 227 (9) F..... C.... Falcon Crest
10%
25 Jahre 321 F........ F....... Forsthaus Falkenau
10%
7 Jahre 226 (7) M...... P.... Melrose Place
10%
10 Jahre 214 (10) S..... S. - 1 Stargate -Kommando SG-1
10%
8 Jahre 201 (9) The O..... The Office
10%
8 Jahre 254 (8) Bewitched Verliebt in eine Hexe
9%
7 Jahre 31 (7) Der T.....r....... Der Tatortreiniger
8%
5 Jahre 114 F... (Brave Stallion) Fury
8%
54 Jahre 13 858 As the World Turns Jung & Leidenschaftlich -Wie das Leben so spielt
8%
15 Jahre 118 (5) K.... Kojak -Einsatz in Manhattan
8%
11 Jahre 256 (11) M... M*A*S*H
8%
4 Jahre 92 (4) S...... & H.... Starsky & Hutch
8%
7 Jahre 151 (7) The M........ The Mentalist
8%
19 Jahre 264 (20) U. H...... W..... Um Himmels Willen
8%
5 Jahre 139 (5) I Dream of J...... Bezaubernde Jeannie
7%
7 Jahre 96 (8) D..... Dexter
7%
7 Jahre 171 (7) Mission: Impossible Kobra, übernehmen Sie
7%
5 Jahre 94 (5) R........ S..... Remington Steele
7%
7 Jahre 138 (7) Thirty R... 30 Rock
6%
4 Jahre 88 (4) Scarecrow & Ms. King Agentin mit Herz
6%
8 Jahre 86 (6) The S....... Die Sopranos
6%
4 Jahre 120 (4) The Fugitive Dr. Kimble auf der Flucht
6%
14 Jahre + 2 142 (14) + ..11 - Die n.... F.... K 11 - Die neuen Fälle
6%
14 Jahre + 231 (10) + R....... Roseanne
6%
8 Jahre 46 S....b... Stromberg
6%
4 Jahre 53 (4) The G... P.... The Good Place
6%
13 Jahre + 275 (9) + The T....... Z... Twilight Zone -Unglaubliche Geschichten
6%
11 Jahre 275 (11) C..... Cheers
5%
5 Jahre 120 (5) The M..... S... Die Muppet Show
5%
2 Jahre 25 (2) E.. H... & e... S.... Ein Herz & eine Seele
5%
61 Jahre + 15 300 (63) + G...... H....... General Hospital
5%
4 Jahre 58 (5) H.... o. L... House of Lies
5%
8 Jahre 172 (8) L. A. L.. L. A. Law -Staranwälte, Tricks, Prozesse
5%
8 Jahre 33 P.. T.. Pan Tau
5%
9 Jahre 180 (9) S....... Seinfeld
5%
2 Jahre 52 (3) T....... f.. A....... Türkisch für Anfänger
5%
7 Jahre 102 (8) W.... Weeds -Kleine Deals unter Nachbarn
5%
11 Jahre + 1 846 (10) + A.. S...... Auf Streife
4%
24 Jahre 38 B.... B.... Bella Block
4%
3 Jahre 89 (4) D...... Daktari
4%
4 Jahre 68 (5) Upstairs, Downstairs Das Haus am Eaton Place
4%
6 Jahre 123 (6) The R....... Files Detektiv Rockford: Anruf genügt
4%
38 Jahre + 486 (35) + G........r..... Großstadtrevier
4%
9 Jahre 96 (8) H....... Homeland
4%
44 Jahre 11 136 (45) One Life to Live Liebe, Lüge, Leidenschaft
4%
8 Jahre 92 (7) M.. M.. Mad Men
4%
4 Jahre 95 (4) M... & Mindy Mork vom Ork
4%
9 Jahre 271 (9) P.... M.... Perry Mason
4%
7 Jahre 154 (7) The W... W... The West Wing -Im Zentrum der Macht
4%
5 Jahre 78 Z.... Zorro
4%
41 Jahre 10 755 (43) A.. M. C....... All My Children
3%
71 Jahre + 100 + A......... P.....k.... Augsburger Puppenkiste
3%
4 Jahre 101 (5) B..... L.... Boston Legal
3%
9 Jahre 249 (9) The Virginian Die Leute von der Shiloh - Ranch
3%
6 Jahre 121 (6) G... Glee
3%
1 Jahr 10 I. A........ d.. V.......... Im Angesicht des Verbrechens
3%
5 Jahre 138 (5) Get Hobby Mini - Max
3%
11 Jahre 97 (10) P....... Pastewka
3%
57 Jahre 15 762 Guiding Light Springfield Story
3%
3 Jahre 56 (3) Riptide Trio mit 4 Fäusten
3%
5 Jahre 128 (6) D...... C.... Dawson's Creek
2%
10 Jahre + 51 (5) + F.... Fargo
2%
1 Jahr 6 K.. R.... Kir Royal
2%
1 Jahr 7 R...p......... O.... Raumpatrouille Orion
2%
6 Jahre 88 (7) The S..... The Shield -Gesetz der Gewalt
2%
14 Jahre 344 (14) Knots Landing Unter der Sonne Kaliforniens
2%
8 Jahre 24 (4) W......s.. Weissensee
2%
64 Jahre + 11 096 + C......... S..... Coronation Street
1%
4 Jahre 65 D.... L....... Danni Lowinski
1%
5 Jahre 52 (6) D....... A.... - The Suit Downtown Abbey
1%
3 Jahre 62 (3) K... F. Kung Fu
1%
5 Jahre 114 (5) The Odd Couple Männerwirtschaft
1%
51 Jahre 12 608 (51) + The Young & the Restless Schatten der Leidenschaft
1%
17 Jahre 30 U.... V....... Unter Verdacht
1%
6 Jahre 36 (4) W...w.... Westworld
1%
5 Jahre 26 (2) C........ Catweazle
0%
4 Jahre 18 (3) C...... Charité
0%
14 Jahre 109 (15) Der K.......... Der Kriminalist
0%
52 Jahre + 9 581 + E........ Farm Emmerdale
0%
3 Jahre 22 F....... Flemming
0%
3 Jahre 30 (3) K.. KDD - Kriminaldauerdienst
0%
4 Jahre 32 (4) K......f..... Knallerfrauen
0%
19 Jahre 299 (17) K.....w.... Küstenwache
0%
7 Jahre 101 (8) L...k...... Ladykracher
0%
10 Jahre + 29 + L...k.... Landkrimi
0%
5 Jahre 20 N...... N....... Nonstop Nonsense
0%
10 Jahre 218 (10) S....v.... Smallville
0%
13 Jahre + 365 + T...t...... Teletubbies
0%
15 Jahre 173 (13) W..... R..... Wolffs Revier
0%
8 Jahre + 12 + W....l... Wolfsland
0%
Keine übereinstimmenden Quizze gefunden
Verteilung der Resultate
Anzahl Personen mit jedem Resultat
Perzentil nach korrekt beantworteten Fragen
Ihre Resultats-Entwicklung
Sie haben dieses Quiz noch nicht gespielt